BSOP header

Reaching the city : (Record no. 39384)

MARC details
000 -LEADER
fixed length control field 00740cam a2200241 a 4500
001 - CONTROL NUMBER
control field 17375895
003 - CONTROL NUMBER IDENTIFIER
control field OSt
005 - DATE AND TIME OF LATEST TRANSACTION
control field 20150811145803.0
008 - FIXED-LENGTH DATA ELEMENTS--GENERAL INFORMATION
fixed length control field 120706s2012 caua 001 0 eng
010 ## - LIBRARY OF CONGRESS CONTROL NUMBER
LC control number 2012023623
020 ## - INTERNATIONAL STANDARD BOOK NUMBER
International Standard Book Number 9780878080397
040 ## - CATALOGING SOURCE
Original cataloging agency DLC
Transcribing agency DLC
Modifying agency DLC
042 ## - AUTHENTICATION CODE
Authentication code pcc
245 00 - TITLE STATEMENT
Title Reaching the city :
Remainder of title reflections on urban mission for the twenty-first century /
Statement of responsibility, etc Tereso C. Casiño, Gary Fujino, and Timothy R. Sisk, editors.
260 ## - PUBLICATION, DISTRIBUTION, ETC. (IMPRINT)
Place of publication, distribution, etc Pasadena, Calif. :
Name of publisher, distributor, etc William Carey Library,
Date of publication, distribution, etc c2012.
300 ## - PHYSICAL DESCRIPTION
Extent xx, 284 p. :
Other physical details ill. ;
Dimensions 22 cm.
500 ## - GENERAL NOTE
General note Includes index.
650 #0 - SUBJECT ADDED ENTRY--TOPICAL TERM
Topical term or geographic name as entry element City missions.
700 1# - ADDED ENTRY--PERSONAL NAME
Personal name Casiño, Tereso C.
700 1# - ADDED ENTRY--PERSONAL NAME
Personal name Fujino, Gary.
700 1# - ADDED ENTRY--PERSONAL NAME
Personal name Sisk, Timothy R.
942 ## - ADDED ENTRY ELEMENTS (KOHA)
Source of classification or shelving scheme Library of Congress Classification
Item type Books
Holdings
Withdrawn status Lost status Source of classification or shelving scheme Damaged status Not for loan Home library Current library Date acquired Source of acquisition Cost, normal purchase price Inventory number Total Checkouts Full call number Barcode Date last seen Price effective from Koha item type
    Library of Congress Classification     BSOP Library BSOP Library 08/11/2015   601.65 37273   BV2653 R22 2012 00047273 08/11/2015 08/11/2015 Books
BSOP

Biblical Seminary of the Philippines
  All rights Reserved
  © 2024

CONTACT INFORMATION

Biblical Seminary of the Philippines,
  77-B Karuhatan Road, Valenzuela City,
  PHILIPPINES 1441
  Phone: +632 8292-6795 / 8292-6798
  Fax : +632 8292-6675
  Email: library@bsop.edu.ph